Only Monochrome/Grayscale Logo Quiz - Statistics

General Stats
  • This quiz has been taken 19 times
  • The average score is 37 of 61
Answer Stats
Picture Answer % Correct
Jaguar
93%
Puma
93%
Adidas
86%
Audi
86%
BBC
86%
Cartoon Network
86%
Chanel
86%
Disney
86%
Gucci
86%
Louis Vuitton
86%
Mercedes
86%
Nike
86%
Playboy
86%
Polo
86%
Walt Disney
86%
Wikipedia
86%
Converse
79%
Dolby
79%
Harry Potter
79%
Honda
79%
Lexus
79%
Mazda
79%
Michelin
79%
Motorola
79%
Air Jordan
71%
L'Oreal
71%
Nissan
71%
Under Armour
71%
WWF
71%
Infiniti
64%
Mini Cooper
64%
Nestlé
64%
San Antonio Spurs
64%
The Godfather
64%
Umbro
64%
Bentley
57%
Las Vegas Raiders
57%
Lincoln
57%
The New York Times
57%
Brooklyn Nets
50%
The Avengers
50%
American Express
43%
Swarovski
43%
Utah Jazz
43%
Yamaha
43%
Hermés
36%
Opel
36%
Anarchy
29%
Citroen
29%
Juventus
29%
Los Angeles Kings
29%
Versace
29%
Air New Zealand
21%
Chicago White Sox
21%
Fortnite
21%
Scion
21%
Sephora
21%
Skyrim
21%
Swansea City
21%
Santos
14%
Starter
14%
No matching quizzes found
Score Distribution
Percent of People with Each Score
Percentile by Number Answered
Your Score History
You have not taken this quiz